Computer applications in business : (Record no. 7488)

MARC details
000 -LEADER
fixed length control field 00644 a2200193 4500
010 ## - LCCN (DPL NO)
LC control number ENG-88004
020 ## - INTERNATIONAL STANDARD BOOK NUMBER
Terms of availability 250.00
035 ## - SYSTEM CONTROL NUMBER
System control number EN-71537
037 ## - SOURCE OF ACQUISITION
Source of stock number/acquisition DBAD/ Pub
082 14 - DEWEY DECIMAL CLASSIFICATION NUMBER
Classification number 650.0285
100 1# - MAIN ENTRY--PERSONAL NAME
Personal name Gupta, Renu
245 1# - TITLE STATEMENT
Title Computer applications in business :
Remainder of title a text book for M.Com. students of Indian Universities as per UGC new syllabus/
Statement of responsibility, etc by Renu Gupta; edited by Gaurav Gupta
250 ## - EDITION STATEMENT
Edition statement 2nd ed.
260 ## - PUBLICATION, DISTRIBUTION, ETC. (IMPRINT)
Place of publication, distribution, etc Delhi
Name of publisher, distributor, etc Shree Mahavir Book Depot (Publishers)
Date of publication, distribution, etc n.d.
270 ## - ADDRESS
Address 2603, Nai Sarak
City Delhi
300 ## - PHYSICAL DESCRIPTION
Extent 482 p.
Dimensions 24 cm (Pbk.)
500 ## - GENERAL NOTE
General note Includes glossary
942 ## - ADDED ENTRY ELEMENTS (KOHA)
Institution code [OBSOLETE] dpl
Item type English Books
Source of classification or shelving scheme Dewey Decimal Classification
Classification part 650.0285
Call number suffix GUP
Holdings
Withdrawn status Lost status Not for loan Collection code Home library Current library Source of acquisition Cost, normal purchase price Full call number Barcode Copy number Cost, replacement price Koha item type Date acquired
    Not For Loan Non-fiction D.B.Act.Division D.B.Act.Division DBAD/PUB 250.00 650.0285 GUP EN-71537 1 250.00 English Books  
      Non-fiction Sarojini Nagar Sarojini Nagar     650.0285 GUP B-218430     English Books 02/07/2019

© Delhi Public Library
Hit Counter
free hit counter